50 Cantores Brasileiros Gospel - Statistics

Estatísticas Gerais
  • Esse quiz foi jogado 59 vezes
  • A pontuação média é 14 de 50
Estatísticas das Respostas
Resposta % Correto
Alinne Barros
79%
Cassiane
63%
Gabriela Rocha
60%
Ana Paula Valadão
58%
Bruna Karla
58%
Fernanda Brum
58%
Fernandinho
58%
Anderson Freire
54%
André Valadão
52%
Eyshila
44%
Isadora Pompeo
44%
Cristina Mel
42%
Kleber Lucas
40%
Thalles Roberto
38%
Damares
35%
Lauriete
35%
Midian Lima
33%
Davi Sacer
31%
irmão Lázaro
31%
Maria Marçal
29%
Rose Nascimento
29%
Shirley Carvalhaes
29%
Delino Marçal
27%
Regis Danese
27%
Gabriel Guedes
25%
Jessé Aguiar
25%
Ludmila Ferber
25%
Mattos Nascimento
25%
Elaine Martins
21%
Nívea Soares
19%
Sarah Beatriz
19%
Ton Carfi
19%
Isaías Saad
17%
Soraya Moraes
17%
Denise Cerqueira
15%
J. Neto
15%
Leandro Borges
15%
Gerson Rufino
13%
Luiz de Carvalho
13%
Luma Elpídio
13%
Marquinhos Gomes
13%
Pr. Lucas
13%
Samuel Messias
13%
Ana Nóbrega
10%
Nani Azevedo
10%
Amanda Wanessa
8%
Kemilly Santos
8%
Andrea Fontes
6%
Armando Filho
4%
Heloísa Rosa
4%
Nenhum quiz correspondente encontrado
Distribuição das Pontuações
Porcentagem de Pessoas com Cada Pontuação
Percentil de Números Respondidos
Sua Pontuação Histórica
Você não jogou esse quiz